000 00473nam a2200169Ia 4500
003 OSt
005 20200709140832.0
008 190216s9999||||xx |||||||||||||| ||und||
020 _a9780582490772
040 _coclc
082 _a951.05
_bMOI/M
100 _a Moise, Edwin E
_93625
245 4 _a Modern China A History /
_cEdwin E Moise
260 _bLongmans,
_c1986.
_aLondon:
300 _a256p
942 _cBK
_2ddc
_h951.05
_iMOI/M
_k951.05
_mMOI/M
999 _c19747
_d19747